Statistics for NBA all-time tuff duos

Click here to take the quiz!

General Stats

  • This quiz has been taken 28 times
  • The average score is 10 of 11

Answer Stats

Answer% Correct
Shaquille O'neal and Kobe Bryant
100%
lebron james and kyrie irving
96%
Micheal Jordan and Scottie Pippen
96%
john stockton and karl malone
93%
kevin durant and russell westbrook
93%
amare stoudemire and steve nash
89%
tracy mcgrady and yao ming
89%
lebron james and dwyane wade
86%
tony parker and tim duncan
86%
magic johnson and kareem abdul jabbar
79%
shawn kemp and gary payton
75%

Score Distribution

Percentile by Number Answered

Percent of People with Each Score

Your Score History

You have not taken this quiz